000 00565 a2200205 4500
005 20260314094112.0
008 260313b |||||||| |||| 00| 0 eng d
020 _a9789365570434
_cRs. 1495.00
040 _aMAIN
082 _a658.00934
_bM726M
100 _aMohanty, Munmun, ed.
245 _aManagement practices and thoughts in ancient India
260 _bHimalaya Publishing House
_c2025
_aMumbai
300 _a221
650 _aManagement
650 _aGeneral Management
650 _aAncient India
700 _aKhandelwal, N M, ed.
942 _cBK
999 _c396923
_d396923